Lubrication and lubricants : (Record no. 546009)
[ view plain ]
| 000 -LEADER | |
|---|---|
| fixed length control field | 00670cam a22001691 4500 |
| 082 ## - DEWEY DECIMAL CLASSIFICATION NUMBER | |
| Classification number | 621.89 |
| Author Mark | ARC |
| -- | L-tech P-116 |
| 100 1# - MAIN ENTRY--PERSONAL NAME | |
| Personal name | Archbutt, Leonard. |
| 9 (RLIN) | 42003 |
| 245 10 - TITLE STATEMENT | |
| Title | Lubrication and lubricants : |
| Remainder of title | a treatise on the theory and practice of lubrication, and on the nature, properties, and testing of lubricants / |
| Statement of responsibility, etc. | by Leonard Archbutt ... and R. Mountford Deeley ... |
| 250 ## - EDITION STATEMENT | |
| Edition statement | 5th ed., |
| 260 ## - PUBLICATION, DISTRIBUTION, ETC. | |
| Place of publication, distribution, etc. | London : |
| Name of publisher, distributor, etc. | Griffin, |
| Date of publication, distribution, etc. | 1927. |
| 300 ## - PHYSICAL DESCRIPTION | |
| Extent | xxxii, 650 p. : |
| Other physical details | ill., diagrs. ; |
| Dimensions | 24 cm. |
| 526 ## - STUDY PROGRAM INFORMATION NOTE | |
| Program name | 0 |
| Interest level | 0 |
| Reading level | 0 |
| Title point value | 621_890000000000000_ARC |
| 650 #0 - SUBJECT ADDED ENTRY--TOPICAL TERM | |
| Topical term or geographic name entry element | Lubrication and lubricants. |
| 9 (RLIN) | 41091 |
| 650 #0 - SUBJECT ADDED ENTRY--TOPICAL TERM | |
| Topical term or geographic name entry element | MCE |
| 9 (RLIN) | 379 |
| 700 1# - ADDED ENTRY--PERSONAL NAME | |
| Personal name | Deeley, R. Mountford |
| 9 (RLIN) | 42004 |
| 942 ## - ADDED ENTRY ELEMENTS (KOHA) | |
| Source of classification or shelving scheme | |
| Koha item type | Book |
| Withdrawn status | Lost status | Source of classification or shelving scheme | Damaged status | Not for loan | Permanent Location | Current Location | Date acquired | Total Checkouts | Full call number | Barcode | Date last seen | Price effective from | Koha item type |
|---|---|---|---|---|---|---|---|---|---|---|---|---|---|
| Military College of Engineering (MCE) | Military College of Engineering (MCE) | 06/02/2014 | 621.89 ARC | MCE-40313 | 06/02/2014 | 06/02/2014 | Book |
